Microsoft Products logos - Statistics

General Stats
  • This quiz has been taken 34 times
  • The average score is 18 of 30
Answer Stats
Picture Answer % Correct
Windows
97%
LinkedIn
94%
Xbox
94%
Excel
90%
PowerPoint
90%
Word
90%
Paint
87%
Bing
84%
Edge
84%
Outlook
81%
Teams
81%
Copilot
71%
OneDrive
65%
Microsoft Store
58%
Access
55%
Defender
52%
OneNote
52%
Calendar
45%
Clipchamp
45%
Forms
45%
Lens
42%
Microsoft 365
42%
Publisher
42%
Visio
39%
Rewards
35%
Exchange
29%
Project
29%
SharePoint
29%
Sway
26%
Yammer
26%
No matching quizzes found
Score Distribution
Percent of People with Each Score
Percentile by Number Answered
Your Score History
You have not taken this quiz